Haunted #3 / Randy Wayne White.
Available copies
- 3 of 3 copies available at LARL/NWRL Consortium.
Current holds
0 current holds with 3 total copies.
View other formats and editions
Show Only Available Copies
| Location | Call Number / Copy Notes | Barcode | Shelving Location | Status | Due Date |
|---|---|---|---|---|---|
| Greenbush Public Library | WHI (Text) | 35500005503766 | Main | Available | - |
| Roseau Public Library | WHI (Text) | 35500005503774 | Main | Available | - |
| Warroad Public Library | WHI (Text) | 35500005503717 | Main | Available | - |
Record details
- ISBN: 9780399169762
- ISBN: 0399169768
- Physical Description: p. ; cm.
- Publisher: New York : Putnam, 2014
Content descriptions
| Summary, etc.: | The house is historic, some say haunted. It is ... Read More |
Search for related items by subject
| Subject: | Florida > Fiction. |
| Genre: | Mystery fiction. |
Search for related items by series
| LDR | 02397cam a2200409K 4500 | ||
|---|---|---|---|
| 001 | 168245 | ||
| 003 | LARL_NWRL_CONSORTIUM | ||
| 005 | 20140710094309.0 | ||
| 008 | 140221s2014 nyu 000 f eng d | ||
| 020 | . | ‡a9780399169762 | |
| 020 | . | ‡a0399169768 | |
| 035 | . | ‡a(OCoLC)899949843 ‡z(OCoLC)870919364 | |
| 043 | . | ‡an-us-fl | |
| 082 | 0 | 4. | ‡a813.54 ‡223 |
| 100 | 1 | . | ‡aWhite, Randy Wayne. ‡4aut ‡0(LARL_NWRL_CONSORTIUM)97888 |
| 245 | 1 | 0. | ‡aHaunted ‡n#3 / ‡cRandy Wayne White. |
| 260 | . | ‡aNew York : ‡bPutnam, ‡c2014 | |
| 300 | . | ‡ap. ; ‡ccm. | |
| 490 | 0 | . | ‡aHannah Smith ; ‡v3 |
| 520 | . | ‡aThe house is historic, some say haunted. It is also slated to be razed and replaced by condos, unless Hannah Smith can do something about it. She's been hired by a wealthy Palm Beach widow to prove that the house's seller didn't disclose everything he knew about the place when he unloaded it, including its role in a bloody Civil War skirmish (in which two of Hannah's own distant relations had had a part), and the suicides--or where they murders?--of two previous owners. | |
| 651 | 0. | ‡aFlorida ‡vFiction. ‡0(LARL_NWRL_CONSORTIUM)164960 | |
| 655 | 7. | ‡aMystery fiction. ‡2gsafd | |
| 901 | . | ‡a168245 ‡bOCLC ‡c168245 ‡tbiblio | |

Add to basket
Permalink
Disable Highlighting